LEADER 01144nam--2200361---450- 001 990003508510203316 005 20110303184251.0 035 $a000350851 035 $aUSA01000350851 035 $a(ALEPH)000350851USA01 035 $a000350851 100 $a20110303d1978----km-y0itay50------ba 101 $aita 102 $aIT 105 $a||||||||001yy 200 1 $aOperaismo e centralitą operaia$fNapolitano ... [et al.]$ga cura di Fabrizio D'Agostini 210 $aRoma$cEditori Riuniti$d1978 215 $a354 p.$d19 cm 225 2 $aArgomenti$v80 300 $aAtti del Convegno organizzato dalla Sez. veneta dell'Istituto Gramsci, tenuto a Padova nei giorni 26-27 novembre 1977 410 0$1001$12001$aArgomenti$v80 606 0 $aLavoratori dell'industria$yItalia 676 $a331.7940945 702 1$aNAPOLITANO,$bGiorgio 702 1$aD'AGOSTINI,$bFabrizio 801 0$aIT$bsalbc$gISBD 912 $a990003508510203316 951 $aDSSP SANT 331.794 OPE$bDSSP 959 $aBK 969 $aDSSP 979 $aDSSP1$b90$c20110303$lUSA01$h1842 996 $aOperaismo e centralitą operaia$91114366 997 $aUNISA LEADER 01380nam 2200361 n 450 001 996387923103316 005 20221108063131.0 035 $a(CKB)1000000000630018 035 $a(EEBO)2248563188 035 $a(UnM)99840402 035 $a(EXLCZ)991000000000630018 100 $a19910213d1631 uy | 101 0 $aeng 135 $aurbn||||a|bb| 200 14$aThe life and death of the merry deuill of Edmonton$b[electronic resource] $eWith the pleasant prancks of Smug the smith, Sir Iohn, and mine host of the George, about the stealing of venison. By T.B 210 $a[London] $cPrinted by T[homas] P[urfoot?] for Francis Faulkner dwelling ouer against St. Margarets hill in Southwarke$d1631 215 $a[46] p 300 $aT.B. = Thomas Brewer. 300 $aNot the same work as "The merry devill of Edmonton" (STC 7497), a play with the same imprint. 300 $aWith a title-page woodcut. 300 $aPrinter's name conjectured by STC. 300 $aSignatures: A-F⁓ (-A1). 300 $aReproduction of the original in the British Library. 330 $aeebo-0018 700 $aT. B$g(Thomas Brewer)$0830488 801 0$bCu-RivES 801 1$bCu-RivES 801 2$bCStRLIN 801 2$bWaOLN 906 $aBOOK 912 $a996387923103316 996 $aThe life and death of the merry deuill of Edmonton$92324460 997 $aUNISA